Cihlářský lexikon

Na minha lista:
Detalhes bibliográficos
Formato: Livro
Idioma:tcheco
Publicado em: Brno: Cihlářsky svaz Čech a Moravy, 2007
Edição:2. vyd.
Tags: Adicionar Tag
Sem tags, seja o primeiro a adicionar uma tag!

MARC

LEADER 00000nam a22000003a 4500
001 0024685
003 SK-STU
005 20170621142954.0
007 ta
008 170621s ----xo-----e------000-0-----d
040 |a STU  |b slo 
041 0 |a cze  |h cze 
044 |a xr 
245 1 0 |a Cihlářský lexikon 
250 |a 2. vyd. 
260 |a Brno:  |b Cihlářsky svaz Čech a Moravy,  |c 2007 
300 |a 160 s. 
996 |b 284V040566  |c V* 9393/K-2473  |l VVT  |s A  |a 24  |w 0024685_0001